00901 a2200157 4500999001700000020001800017082001700035245003600052260003500088300001200123520035200135650007500487700003100562942001200593952013800605 c26294d26294 a9789382845942 a025.48bLIB- aLibrary 2.0b: trends & issues  bS.K Jain & Sons c2015aJaipur av, 216p aLibrary 2.0 is the application of social media in library information centres to deliver quality information services to the users in an ever-changing dynamic environment. The book traces the origin & development of library 2.0 and highlights the features & importance of library 2.0 in the context of changing dimension of information paradigm.  aLibrary SciencevInformation Communication TechnologyvDigital Library aSatpathy, Chandra Kishor  2ddccBK 00104070aNASSDOCbNASSDOCd2020-07-08eOPg985.50i2020-06-11l0o025.48 LIB-p51040r2020-07-15 00:00:00v1350.00w2020-07-15yBK